Dvesto dvadsať krokov za minútu

Bibliographic Details
Main Author: Lukáč, Tibor, 1914-1995 (Author)
Format: Article
Language:Slovak
Subjects:

MARC

LEADER 00000nab a2200000 a 4500
001 vtls000126543
003 SK-MaSNL
005 20260303191032.0
008 160215c1982 xo 0 slo
015 |a SNBRB19rr/mm-uuuuu 
035 |a CL0136648 
040 |a SNKBUCL  |b slo  |c SNKBUCL  |e AACR2 
041 0 |a slo 
044 |a xo  |c SK 
080 |a 796.42  |2 1981 
080 |a 929 Pribilinec, Jozef  |2 1981 
100 1 |a Lukáč, Tibor,  |d 1914-1995  |4 aut  |9 233711 
245 1 0 |a Dvesto dvadsať krokov za minútu  |c Tibor Lukáč 
300 |b Obr. 1. 
650 0 7 |a Pribilinec, Jozef  |2 snkbucl  |9 925741 
655 7 |a články z novín a časopisov  |2 snkbucl  |9 267496 
773 0 |t Smena na nedeľu  |g Roč. 17, č. 37 (1982), s. 12 
850 |a Slovenská národná knižnica v Martine  |a MTA001 
852 |a SNK  |b KIS3GCP 
958 |a BX 
958 |a RK 
992 |a RBX 
999 |c 2139178  |d 2141108